000 00824nam a22001937a 4500
999 _c61903
_d61903
003 Ge_BSU
005 20240606120152.0
008 240606s2023 ge ||||| |||| 00| 0 geo d
020 _a9789941289583
041 _ageo
080 _a69(05) წ-66
100 _a წიქარიშვილი, მალხაზ
_922338
245 _aსამშენებლო საქმე :
_cმალხაზ წიქარიშვილი; რედ. ნ. ქაფიანიძე.
264 _aთბილისი :
_bტექნიკური უნივერსიტეტი,
_c2023.
300 _a507 გვ. ;
_b სურ. ; ცხრ. ;
_c25 სმ.
653 _aმშენებლობა.
700 _aქაფიანიძე, ნ.
_eრედაქტორი
_922339
942 _2udc
_cBK